Aladdin Characters - Statistics

General Stats
  • This quiz has been taken 11 times
  • The average score is 7 of 8
Answer Stats
Picture Answer % Correct
Aladdin
100%
Genie
100%
Jafar
100%
Jasmine
100%
Abu
91%
Iago
82%
Sultan
64%
Rajah
55%
No matching quizzes found
Score Distribution
Percent of People with Each Score
Percentile by Number Answered
Your Score History
You have not taken this quiz